• 首页
  • 本馆介绍
  • 公告通知
  • 最新文献
  • 馆藏检索
  • 电子资源
  • 读者导购
  • 参考咨询
  • 我的图书馆
  • 登录
  • 详细信息显示
  • 放入我的书架
  • 预约/预借图书
  • 作者相关作品
  • 分类相关作品
  • 丛书相关作品
  • 出版社相关作品

书目信息

  • 表格格式
  • 工作单格式
  • 卡片格式
书名: Revelations of divine love
作者: Julian of Norwich ; translated into modern English and with an introduction by Clifton Wolters.
分册号:
分册名:
出版地: Harmondsworth, Middlesex, England :
 
出版社: Penguin Books
出版时间: 1966.
页数: 213 p. ;
开本: 18 cm.
丛书名:
中图分类号:
科图分类号:
其他分类号: B975
主题词:
电子资源:
000 00897nam a2200289 a 4500
001 E0738544706
003 CAL
005 20070714104349.92
008 950830s1966 enk 000 0 eng d
020    @a0140441778.
040    @aPUL@cPUL
041 1  @aeng
090    @aB975
093    @aB975
099    @dB975@ex76
100 0  @aJulian,@cof Norwich,@db. 1343.
240 10 @aRevelations of divine love.@lEnglish
245 10 @aRevelations of divine love / @cJulian of Norwich ; translated into modern English and with an introduction by Clifton Wolters.
260    @aHarmondsworth, Middlesex, England :@bPenguin Books,@c1966.
300    @a213 p. ;@c18 cm.
490 0  @aPenguin classics
650  0 @aDevotional literature, English (Middle)@xModernized versions.
700 1  @aWolters, Clifton.
920    @a212010@z1
920    @a235010@z2
920    @a211010@bB975@cJ942 @z1
998    @aPUL
    
    Revelations of divine love / / Julian of Norwich ; translated into modern English and with an introduction by Clifton Wolters.-Harmondsworth, Middlesex, England : : Penguin Books, , 1966.
    213 p. ; ; 18 cm.- (Penguin classics)
    
    
    ISBN 0140441778.
    
●
相关链接 在E读中查询图书 在五车中查询图书 在当当中查询图书 在豆瓣中查询图书


正题名:Revelations of divine love     索取号:B975/x76         预约/预借

序号 登录号 条形码 馆藏地/架位号 状态 备注
1 0013149   300131499   第二样本阅览室/ [索取号:B975/x76] 在馆    
唐山师范学院图书馆 欢迎您!
大连网信软件有限公司© 版权所有